Statistics for Country's Nazi Germany Occupied During WW2

Click here to take the quiz!

General Stats

  • This quiz has been taken 1,079 times
    (1,061 since last reset)
  • The average score is 17 of 23

Answer Stats

Answer% Correct
France
97%
Poland
93%
Austria
88%
Belgium
87%
Norway
87%
Denmark
86%
Netherlands
84%
Greece
80%
Czech Republic
78%
Slovakia
77%
Luxembourg
75%
Latvia
74%
Lithuania
74%
Estonia
73%
Ukraine
72%
Serbia
71%
Slovenia
70%
Croatia
69%
Belarus
66%
Bosnia
62%
Montenegro
57%
Macedonia
52%
Kosovo
51%

Score Distribution

Percentile by Number Answered

Percent of People with Each Score

Your Score History

You have not taken this quiz since the last reset